000 01047nam a2200265 a 4500
001 BRCA_3498
005 20190320204317.0
008 160709s2005----u--a---###---#000-0#eng-#
041 _aengspa
050 4 _aNE625
_b.M46 2005
245 1 0 _aLa memoria en el papel
_blibros y estampas de la Colección Franz Mayer
_censayo por Enrique Franco Calvo.
260 _aPonce, Puerto Rico
_bMuseo de Arte de Ponce
_c2005
300 _a111 p.
_bil.
_c28 cm.
500 _aCatálogo de la exposición realizada en el Museo de Arte de Ponce (Puerto Rico), 12 febrero - 15 mayo, 2005
500 _aLa biblioteca cuenta con 3 ejemplares
500 _a3er. ejemplar en el Área de Investigación
504 _aBibliografía : p. 14
546 _aTexto en : español e inglés
650 1 4 _aGrabado europeo
_vExposiciones
_99101
650 1 4 _aAguafuertes europeos
_vExposiciones
_99102
650 1 4 _aGrabado
_vExposiciones
_zMéxico
_99103
700 1 _aFranco Calvo, Enrique
_93784
710 2 _aMuseo Franz Mayer (Ciudad de México)
_92266
942 _2lcc
_cB
999 _c3233
_d3233